00720cam a2200229 a 450000100060000000300080000600500170001400800410003103500190007204000320009104100080012308200210013110000370015224500540018926000630024330000350030650000220034150400320036365000350039565000440043083000160047420838BD-RjUL20211209000622.0140302r19601957nyug b 001 0 eng d a(BD-RjUL)20900 aMODcMODdm.cdBD-RjULbeng aeng04a821.04bGEB 19601 aGerould, Gordon Hall,d1877-195314aThe ballad of tradition /cby Gordon Hall Gerould aNew York :bOxford University Press,c1957 [printing 1960] aviii, 311 p. :bmusic ;c21 cm aIncludes indexes. aBibliography : p. [297]-304 0aBalladsxHistory and criticism 0aBallads, EnglishxHistory and criticism 0aGalaxy book